[Event "Indian Republic Day CUP : 2015 "]
[Site "SchemingMind.com"]
[Date "2014.12.24"]
[Round "-"]
[White "rookie31"]
[Black "Ramesh Panwar"]
[Result "1/2-1/2"]
[WhiteCountry "IND"]
[BlackCountry "IND"]
[WhiteElo "2177"]
[WhiteRD "69"]
[BlackElo "2302"]
[BlackRD "50"]
[GameID "371668"]

1. d4 d5 2. c4 e6 3. Nc3 Nf6 4. Bg5 Nbd7 5. Nf3 h6 6. Bxf6 Nxf6 7. e3 Be7 8. Bd3 O-O 9. Qb3 dxc4 10. Bxc4 a6
11. a4 b6 12. O-O Bb7 13. Ne5 Bd6 14. Rad1 Qe7 15. h3 Rab8 16. f4 c5 17. f5 b5 18. axb5 cxd4 19. exd4 axb5 20. Nxb5 Bxe5
21. dxe5 Qc5+ 22. Rd4 Bd5 23. exf6 Rxb5 24. Qe3 Bxc4 25. Rc1 Rb3 26. Qf2 Qxf5 27. Qxf5 exf5 28. fxg7 Ra8 29. Rdxc4 Rxb2 30. R4c2 Rxc2
31. Rxc2 Kxg7 32. g3 f4 33. gxf4 Ra4 34. Rf2 Kf6 35. Kg2 Kf5 36. Kg3 f6 37. Rf3 Ke4 38. Rc3 f5 39. Rc6 Ra3+ 40. Kg2 Kxf4
41. Rxh6 Ra2+ 42. Kg1 Kg3 43. Rg6+ Kxh3 44. Rg7 f4 45. Rg8 Rb2=
1/2-1/2

[Event "Indian Republic Day CUP : 2015 "]
[Site "SchemingMind.com"]
[Date "2014.12.24"]
[Round "-"]
[White "rookie31"]
[Black "Lambik"]
[Result "0-1"]
[WhiteCountry "IND"]
[BlackCountry "BEL"]
[WhiteElo "2162"]
[WhiteRD "74"]
[BlackElo "2289"]
[BlackRD "95"]
[GameID "371670"]

1. d4 Nf6 2. c4 e6 3. Nc3 Bb4 4. e3 O-O 5. Nf3 c5 6. Bd3 d5 7. O-O Nc6 8. a3 Bxc3 9. bxc3 b6 10. Bb2 Ba6
11. cxd5 Bxd3 12. Qxd3 Qxd5 13. c4 Qe4 14. Rfd1 Qxd3 15. Rxd3 Ne4 16. Ne5 Na5 17. Bc3 Nxc3 18. Rxc3 f6 19. Nf3 Rfd8 20. Rac1 cxd4
21. exd4 Nc6 22. Rd1 Rac8 23. Kf1 Ne7 24. Ke2 g5 25. g4 Nd5 26. Rcc1 Nf4+ 27. Ke3 Rc7 28. a4 Rdc8 29. Nd2 Kg7 30. Kf3 f5
31. gxf5 exf5 32. Rg1 Kf6 33. h4 h6 34. Rce1 Nd3 35. Re3 g4+ 36. Kg2 Nf4+ 37. Kh2 Re7 38. Rxe7 Kxe7 39. Re1+ Kf7 40. d5 h5
41. f3 Ng6 42. fxg4 hxg4 43. Kg3 Rh8 44. Rf1 Nxh4 45. a5 Nf3
0-1

[Event "Indian Republic Day CUP : 2015 "]
[Site "SchemingMind.com"]
[Date "2014.12.20"]
[Round "-"]
[White "Lambik"]
[Black "Ramesh Panwar"]
[Result "1/2-1/2"]
[WhiteCountry "BEL"]
[BlackCountry "IND"]
[WhiteElo "2252"]
[WhiteRD "101"]
[BlackElo "2302"]
[BlackRD "50"]
[GameID "371671"]

1. e4 e5 2. Nf3 Nc6 3. Bb5 Nf6 4. O-O Be7 5. Nc3 d6 6. d4 exd4 7. Nxd4 Bd7 8. Be2 O-O 9. Be3 a6 10. Qd2 Ne5
11. Rad1 b5 12. a3 Re8 13. h3 Nc4 14. Bxc4 bxc4 15. Qe2 Qb8 16. Qxc4 c5 17. Nf5 Bxf5 18. exf5 Qxb2 19. Qd3 c4 20. Qd2 d5
21. Rfe1 Qxa3 22. Nxd5 Nxd5 23. Qxd5 Qa4 24. Rd4 Qxc2 25. Bd2 Bf8 26. Rxc4 Qb3 27. Rxe8 Rxe8 28. Rd4=
1/2-1/2

[Event "Indian Republic Day CUP : 2015 "]
[Site "SchemingMind.com"]
[Date "2014.12.24"]
[Round "-"]
[White "Robert Bruce"]
[Black "rookie31"]
[Result "1-0"]
[WhiteCountry "SCO"]
[BlackCountry "IND"]
[WhiteElo "2136"]
[WhiteRD "65"]
[BlackElo "2187"]
[BlackRD "71"]
[GameID "371687"]

1. d4 Nf6 2. Nf3 d5 3. c4 c6 4. e3 e6 5. Nbd2 Be7 6. Bd3 O-O 7. O-O Qc7 8. e4 c5 9. exd5 exd5 10. cxd5 Nxd5
11. dxc5 Rd8 12. Qc2 g6 13. Ne4 Nc6 14. Bc4 Bf5 15. Re1 Nf6 16. Nxf6+ Bxf6 17. Qa4 Ne5 18. Nxe5 Bxe5 19. Bg5 Rd4 20. Rad1 Rxd1
21. Qxd1 Bxh2+ 22. Kf1 Bf4 23. Bf6 Qxc5 24. Qb3
1-0

[Event "Indian Republic Day CUP : 2015 "]
[Site "SchemingMind.com"]
[Date "2014.12.22"]
[Round "-"]
[White "Lambik"]
[Black "Robert Bruce"]
[Result "1-0"]
[WhiteCountry "BEL"]
[BlackCountry "SCO"]
[WhiteElo "2265"]
[WhiteRD "93"]
[BlackElo "2123"]
[BlackRD "67"]
[GameID "371688"]

1. e4 Nf6 2. e5 Nd5 3. d4 d6 4. Nf3 dxe5 5. Nxe5 c6 6. Be2 Bf5 7. O-O Nd7 8. c4 Nb4 9. Ng4 Nc2 10. Ne3 Nxa1
11. Nxf5 Qa5 12. d5 g6 13. Bd2 Qxa2 14. Bc3 Rg8 15. dxc6 bxc6 16. Nd4 Bg7 17. Nxc6 Qa6 18. Nxe7 Bxc3 19. Nxg8 Bxb2 20. c5 Qe6
21. Re1 Kf8 22. Bf3 Qxe1+ 23. Qxe1 Re8 24. Qd1 Kxg8 25. c6 Nb6 26. c7 Nb3 27. Qd8 Rf8 28. Qb8 Nd4 29. Qxa7 Nc8 30. Qb7 Nxf3+
31. Qxf3 Re8 32. g3 Be5 33. Na3 Bxc7 34. Qc6 Re7 35. Nb5 Na7 36. Nxa7 Be5 37. Qa8+ Kg7 38. Nc6 Re6 39. Nxe5 Rxe5 40. Qa1 f6
41. Qa7+ Kg8 42. Qa8+ Kg7 43. Qd8 Kf7 44. Qh8 Rh5 45. Kg2 Rh6 46. g4 g5 47. Kg3 Rg6 48. Qxh7+ Rg7 49. Qxg7+ Kxg7 50. Kf3 Kg6
51. Ke4 Kf7 52. Kf5 Ke7 53. f4 gxf4= 54. Kxf4
1-0

[Event "Indian Republic Day CUP : 2015 "]
[Site "SchemingMind.com"]
[Date "2014.12.22"]
[Round "-"]
[White "Ramesh Panwar"]
[Black "Robert Bruce"]
[Result "1-0"]
[WhiteCountry "IND"]
[BlackCountry "SCO"]
[WhiteElo "2329"]
[WhiteRD "52"]
[BlackElo "2136"]
[BlackRD "65"]
[GameID "371689"]

1. d4 d5 2. Nf3 Nf6 3. c4 e6 4. g3 dxc4 5. Bg2 a6 6. O-O Nc6 7. Qc2 Nxd4 8. Nxd4 Qxd4 9. Nd2 c3 10. bxc3 Qg4
11. Rb1 Qxe2 12. Bf3 Qe5 13. Rxb7 Bxb7 14. Bxb7 Rb8 15. Bc6+ Kd8 16. Nc4 Qh5 17. Rd1+ Bd6 18. Ba3 Ne8 19. Qd2 Ke7 20. Nxd6 Nxd6
21. Bxd6+ cxd6 22. Qxd6+ Kf6 23. Rd5 g5 24. Qe5+ Kg6 25. Rd7 Rb1+ 26. Kg2 Re1 27. Qxh8 g4 28. Qg8+ Kf6 29. h4 gxh3+ 30. Kh2 Qg6
31. Qh8+ Qg7 32. Qd8+ Kg6 33. Rd4 h5 34. Rf4 Re5 35. Be4+ Rxe4 36. Rxe4 Qxc3 37. Qg8+ Qg7 38. Qxg7+ Kxg7 39. Kxh3 Kg6 40. Kh4 a5
41. Ra4 f6 42. Rxa5 f5 43. a4 Kf6 44. Kxh5
1-0

[Event "Indian Republic Day CUP : 2015 "]
[Site "SchemingMind.com"]
[Date "2014.12.26"]
[Round "-"]
[White "Ramesh Panwar"]
[Black "Milan"]
[Result "1-0"]
[WhiteCountry "IND"]
[BlackCountry "CZE"]
[WhiteElo "2279"]
[WhiteRD "51"]
[BlackElo "2110"]
[BlackRD "94"]
[GameID "371860"]

1. e4 c5 2. Nf3 Nc6 3. Bb5 e6 4. O-O Nge7 5. d4 cxd4 6. Nxd4 Ng6 7. Be3 Be7 8. Nb3 O-O 9. Nc3 a6 10. Be2 b5
11. f4 Bb7 12. a3 Qc7 13. Qd2 d6 14. Rad1 Rad8 15. g3 Ba8 16. Bf3 Bf6 17. Bg2 Rfe8 18. Qf2 Rb8 19. Rd2 Be7 20. e5 d5
21. Ne2 h6 22. Ned4 Nxd4 23. Bxd4 Rec8 24. Re2 Qd7 25. f5 exf5 26. Ba7 Rb7 27. Bh3 Nf8 28. Bxf5 Ne6 29. Be3 Rbc7 30. Nd4 Bc5
31. c3 Bxd4 32. cxd4 Rb8 33. Qf3 b4 34. Qg4 h5 35. Qxh5 g6 36. Qh6 gxf5 37. Rxf5 f6 38. Rxf6 Rc6 39. axb4 Ng7 40. Ref2 Qe8
41. Bd2 Rbc8 42. g4 Bb7 43. R2f3 Qd7 44. Qh4
1-0

[Event "Indian Republic Day CUP : 2015 "]
[Site "SchemingMind.com"]
[Date "2014.12.26"]
[Round "-"]
[White "Milan"]
[Black "rookie31"]
[Result "1/2-1/2"]
[WhiteCountry "CZE"]
[BlackCountry "IND"]
[WhiteElo "2122"]
[WhiteRD "94"]
[BlackElo "2177"]
[BlackRD "69"]
[GameID "371861"]

1. Nf3 d5 2. c4 d4 3. b4 Nf6 4. g3 e6 5. Qa4+ Nc6 6. b5 Ne7 7. Ba3 a6 8. Bg2 h5 9. O-O Nf5 10. Ne5 Bd6
11. b6+ Nd7 12. bxc7 Bxc7 13. Nxd7 Bxd7 14. Qb3 Rb8 15. e4 Ne7 16. d3 h4 17. Nd2 Nc6 18. Qc2 Qf6 19. Nf3 h3 20. Bh1 e5
21. Rab1 Rh6 22. Rb2 Ba5 23. Nd2 b5 24. Rbb1 b4 25. Bc1 Bc7 26. Qd1 Kf8 27. Bf3 Qe7 28. Bg4 a5 29. Bf5 Rh8 30. Bg4=
1/2-1/2

[Event "Indian Republic Day CUP : 2015 "]
[Site "SchemingMind.com"]
[Date "2014.12.26"]
[Round "-"]
[White "Milan"]
[Black "Lambik"]
[Result "1/2-1/2"]
[WhiteCountry "CZE"]
[BlackCountry "BEL"]
[WhiteElo "2143"]
[WhiteRD "84"]
[BlackElo "2270"]
[BlackRD "99"]
[GameID "371862"]

1. Nf3 Nf6 2. c4 e6 3. g3 d5 4. Bg2 d4 5. O-O c5 6. e3 Nc6 7. exd4 cxd4 8. d3 Bd6 9. Bg5 O-O 10. Nbd2 Be7
11. Re1 h6 12. Bxf6 Bxf6 13. a3 a5 14. c5 Be7 15. Rc1 a4 16. Rc4 Qa5 17. Nxd4 Nxd4 18. Rxd4 Bxc5 19. Rc4= Qb6 20. Ne4 Be7
21. Re2 Bd7 22. Rec2 Rfd8 23. Nc5 Bb5 24. Nxb7 Bxc4 25. Nxd8 Rxd8 26. Rxc4 Qxb2 27. Rxa4 Bxa3 28. Rc4 Qa2 29. Ra4 Qb2=
1/2-1/2

[Event "Indian Republic Day CUP : 2015 "]
[Site "SchemingMind.com"]
[Date "2014.12.27"]
[Round "-"]
[White "Robert Bruce"]
[Black "Milan"]
[Result "1/2-1/2"]
[WhiteCountry "SCO"]
[BlackCountry "CZE"]
[WhiteElo "2136"]
[WhiteRD "65"]
[BlackElo "2143"]
[BlackRD "84"]
[GameID "371863"]

1. c4 Nf6 2. g3 g6 3. Bg2 Bg7 4. Nc3 O-O 5. e4 c5 6. Nge2 Nc6 7. a3 d6 8. Rb1 Bg4 9. h3 Bxe2 10. Nxe2 a6
11. O-O b5 12. d3 bxc4 13. dxc4 Nd7 14. Bg5 Qc7 15. Re1 Rab8 16. b3 Rb7 17. Qc2 Rfb8 18. Red1 a5 19. e5 Ndxe5 20. a4 Nb4
21. Qd2 Qd7 22. Nc3 Nec6 23. Nb5 Qf5 24. g4 Qd7=
1/2-1/2

[Event "Indian Republic Day CUP : 2015 "]
[Site "SchemingMind.com"]
[Date "2014.12.31"]
[Round "-"]
[White "Nickskii"]
[Black "Milan"]
[Result "1-0"]
[WhiteCountry "ENG"]
[BlackCountry "CZE"]
[WhiteElo "2453"]
[WhiteRD "93"]
[BlackElo "2143"]
[BlackRD "84"]
[GameID "372191"]

1. e4 c5 2. Nf3 Nc6 3. d4 cxd4 4. Nxd4 g6 5. c4 Nf6 6. Nc3 d6 7. Nc2 Bg7 8. Be2 O-O 9. O-O Be6 10. Be3 Rc8
11. f4 Qa5 12. Rc1 h5 13. Kh1 Ng4 14. Bd2 f5 15. Bd3 fxe4 16. Nxe4 Qxa2 17. Qe2 Bf5 18. Ng5 e5 19. Bxf5 Rxf5 20. h3 Nh6
21. Ne3 Qxb2 22. Rb1 Qa3 23. Rxb7 Nd4 24. Qd1 exf4 25. Nxf5 Nhxf5 26. Bxf4 Qc5 27. Qd3 Be5 28. Ne4 Qc6 29. Rxa7 Bxf4 30. Rxf4 Rf8
31. Kh2 Qb6 32. Qa3 Ne2 33. Rf2 Ned4 34. Ra6 Qc7 35. Nxd6
1-0

[Event "Indian Republic Day CUP : 2015 "]
[Site "SchemingMind.com"]
[Date "2015.01.01"]
[Round "-"]
[White "Ramesh Panwar"]
[Black "Nickskii"]
[Result "1/2-1/2"]
[WhiteCountry "IND"]
[BlackCountry "ENG"]
[WhiteElo "2329"]
[WhiteRD "52"]
[BlackElo "2453"]
[BlackRD "93"]
[GameID "372193"]

1. e4 c5 2. Nf3 Nc6 3. Bb5 Nf6 4. Nc3 g6 5. e5 Ng4 6. Bxc6 dxc6 7. h3 Nh6 8. Ne4 b6 9. O-O Nf5 10. Re1 Bg7
11. Nf6+ Kf8 12. Ne4 Nd4 13. d3 Qc7 14. Bf4 h6 15. Bg3 Be6 16. c3 Nxf3+ 17. Qxf3 a5 18. d4 cxd4 19. cxd4 Rd8 20. Red1 Qb7
21. b3 Kg8 22. Rac1 Kh7 23. Qe2 Rd7 24. f3 Rhd8 25. Bf2 Bd5 26. Nc3 Be6=
1/2-1/2

[Event "Indian Republic Day CUP : 2015 "]
[Site "SchemingMind.com"]
[Date "2014.12.31"]
[Round "-"]
[White "Nickskii"]
[Black "rookie31"]
[Result "1/2-1/2"]
[WhiteCountry "ENG"]
[BlackCountry "IND"]
[WhiteElo "2453"]
[WhiteRD "93"]
[BlackElo "2187"]
[BlackRD "71"]
[GameID "372194"]

1. e4 e5 2. Nf3 Nc6 3. d4 exd4 4. Nxd4 Nf6 5. Nxc6 bxc6 6. Qe2 d6 7. Nc3 Be7 8. Be3 O-O 9. O-O-O Ng4 10. Bd2 Ne5
11. h3 Bf6 12. f4 Nd7 13. e5 dxe5 14. Ne4 Qe7 15. Nxf6+ Qxf6 16. Qe4 Re8 17. g4 Rb8 18. Ba5 Bb7 19. g5 Qe7 20. Bxc7 c5
21. Qf5 exf4 22. Rh2 Bf3 23. Qxd7 Qxd7 24. Rxd7 Re1+ 25. Kd2 Rxf1 26. Bxb8 Rd1+ 27. Kc3 Rxd7 28. Rf2 Bd5 29. Rxf4 Re7 30. Ra4 Re3+
31. Kd2 Rxh3 32. Rxa7 h5 33. gxh6 Rxh6 34. a4 Rb6 35. Be5 f6 36. Bc3 Rd6 37. a5 Be4+ 38. Kc1 g5 39. Bd2 c4 40. Rc7=
1/2-1/2

[Event "Indian Republic Day CUP : 2015 "]
[Site "SchemingMind.com"]
[Date "2014.12.30"]
[Round "-"]
[White "Nickskii"]
[Black "Lambik"]
[Result "1/2-1/2"]
[WhiteCountry "ENG"]
[BlackCountry "BEL"]
[WhiteElo "2462"]
[WhiteRD "94"]
[BlackElo "2285"]
[BlackRD "94"]
[GameID "372195"]

1. e4 c5 2. Nf3 d6 3. d4 cxd4 4. Nxd4 Nf6 5. Nc3 a6 6. Bg5 e6 7. f4 Qb6 8. Qd2 Qxb2 9. Rb1 Qa3 10. e5 dxe5
11. fxe5 Nfd7 12. Ne4 h6 13. Bh4 Qxa2 14. Rd1 Qd5 15. Qe3 Qxe5 16. Be2 Bc5 17. Bg3 Bxd4 18. Rxd4 Qa5+ 19. Rd2 O-O 20. Bd6 f5
21. Bxf8 Nxf8 22. Nd6 Nbd7 23. g4 Qc5 24. Qxc5 Nxc5 25. gxf5 exf5 26. Rd5 b6 27. Nxc8 Rxc8 28. Rxf5 Nfd7 29. Rg1 Re8 30. Kd1 Re4
31. Bf3 Re7 32. Bc6 Ne5 33. Bd5+ Kh7 34. Re1 Ncd7 35. c3 g6 36. Rf2 Nc5 37. Rf6 Ncd3 38. Re3 Rd7 39. Be6 Rc7 40. Kd2 Kg7
41. Rf1 Re7 42. Ba2 Nc5 43. Kc2=
1/2-1/2

[Event "Indian Republic Day CUP : 2015 "]
[Site "SchemingMind.com"]
[Date "2015.01.01"]
[Round "-"]
[White "Robert Bruce"]
[Black "Nickskii"]
[Result "0-1"]
[WhiteCountry "SCO"]
[BlackCountry "ENG"]
[WhiteElo "2123"]
[WhiteRD "67"]
[BlackElo "2473"]
[BlackRD "91"]
[GameID "372196"]

1. c4 e5 2. g3 c6 3. d4 e4 4. Nc3 d5 5. Bg2 Bb4 6. Bd2 Bxc3 7. bxc3 Nf6 8. Nh3 O-O 9. Nf4 dxc4 10. Qa4 b5
11. Qa3 Bf5 12. O-O Qd7 13. h3 g5 14. g4 gxf4 15. gxf5 Qxf5 16. Qd6 Nd5 17. Kh2 Nd7 18. Qxc6 N7f6 19. Rg1 Kh8 20. Qxb5 Rg8
21. f3 exf3 22. Bxf3 Rg3 23. Rxg3 fxg3+ 24. Kg1 Qxh3 25. Bg2 Qh2+ 26. Kf1 Re8 27. Re1 Kg7 28. e4 Qh5 29. Qb1 Ng4 30. Kg1 Nf2
31. Kf1 Re6 32. e5 Rb6 33. Qc2 Nd3 34. Qd1 Qf5+ 35. Qf3 Qxf3+ 36. Bxf3 Nxe1 37. Bxd5 g2+ 38. Kg1 Rb1 39. Bxe1 Rxe1+ 40. Kxg2 Re2+
41. Kf1 Rxa2 42. Bxc4 Rc2 43. Bb5 Rxc3 44. Ke2 h5 45. Kd2 Rc8 46. Kd3 h4 47. Bd7 Rd8 48. Bc6 h3 49. d5 h2 50. d6 a5
51. Bh1 f6 52. exf6+ Kxf6 53. Kc4 Rxd6
0-1

[Event "Indian Republic Day CUP : 2015 "]
[Site "SchemingMind.com"]
[Date "2015.01.02"]
[Round "-"]
[White "Sahajaxx"]
[Black "Nickskii"]
[Result "0-1"]
[WhiteCountry "ENG"]
[BlackCountry "ENG"]
[WhiteElo "2256"]
[WhiteRD "79"]
[BlackElo "2468"]
[BlackRD "86"]
[GameID "372306"]

1. d4 d5 2. Bf4 Bg4 3. h3 Bh5 4. Nf3 Bxf3 5. exf3 e6 6. Bd3 Nf6 7. O-O Bd6 8. Be3 O-O 9. c4 dxc4 10. Bxc4 Nbd7
11. Nc3 Nb6 12. Bd3 c6 13. Qb3 Nbd5 14. Ne4 Nxe3 15. fxe3 Nd5 16. Bc4 Be7 17. Rad1 Qb6 18. Rfe1 Rad8 19. a3 Rd7 20. Qc2 Rfd8
21. f4 g6 22. Bxd5 cxd5 23. Nc5 Rc7 24. b4 Qb5 25. Qe2 Qxe2 26. Rxe2 b6 27. Nd3 Rdc8 28. Ra2 Rc3 29. Kf2 Kg7 30. Ke2 Bd6
31. Rdd2 h5 32. Ne1 Kf6 33. Rdc2 a5 34. Rxc3 Rxc3 35. Nd3 g5 36. Kd2 Rc7 37. g3 Kf5 38. Rb2 g4 39. h4 Rc4 40. Ke2 Rc3
41. Ra2 Rb3 42. bxa5 bxa5 43. a4 Bb4 44. Ra1 f6 45. Ra2 Rb1 46. Rb2 Ra1
0-1

[Event "Indian Republic Day CUP : 2015 "]
[Site "SchemingMind.com"]
[Date "2015.01.02"]
[Round "-"]
[White "Sahajaxx"]
[Black "Milan"]
[Result "1/2-1/2"]
[WhiteCountry "ENG"]
[BlackCountry "CZE"]
[WhiteElo "2243"]
[WhiteRD "76"]
[BlackElo "2122"]
[BlackRD "94"]
[GameID "372307"]

1. Nf3 c5 2. c4 Nf6 3. Nc3 Nc6 4. g3 g6 5. Bg2 Bg7 6. O-O O-O 7. d3 d6 8. a3 a6 9. Rb1 Rb8 10. b4 cxb4
11. axb4 b5 12. cxb5 axb5 13. Bf4 Bf5 14. Nh4 Bd7 15. Qd2 Nd4 16. Nf3 Ne6 17. Bh6 Bxh6 18. Qxh6 Qb6 19. Qd2 Rfc8 20. e3 Bc6
21. Rfc1 Bb7 22. Ra1 Ra8 23. Rxa8 Rxa8 24. h3 Qa6 25. h4 Rc8 26. Qb2 Qb6 27. Ra1 h6 28. Ra5 Qc6 29. Ne2 Nd8 30. Ne1 Qd7
31. Bxb7 Nxb7 32. Ra2 Nd8 33. Ra5=
1/2-1/2

[Event "Indian Republic Day CUP : 2015 "]
[Site "SchemingMind.com"]
[Date "2015.01.02"]
[Round "-"]
[White "rookie31"]
[Black "Sahajaxx"]
[Result "1/2-1/2"]
[WhiteCountry "IND"]
[BlackCountry "ENG"]
[WhiteElo "2187"]
[WhiteRD "71"]
[BlackElo "2240"]
[BlackRD "81"]
[GameID "372308"]

1. d4 Nf6 2. c4 g6 3. Nc3 Bg7 4. e4 d6 5. Nf3 O-O 6. Be2 Na6 7. O-O e5 8. dxe5 dxe5 9. Be3 b6 10. Qb1 Bb7
11. Rd1 Qe8 12. b4 Qe7 13. a3 c6 14. h3 Rfd8 15. Qb2 Nh5 16. g3 Nf6 17. Rab1 Rxd1+ 18. Rxd1 Nc7 19. c5 b5 20. Qd2 Nfe8
21. Bg5 f6 22. Be3 Ne6 23. Qa2 a6 24. a4 Bf8 25. a5 Nc7 26. Kg2 Rd8 27. h4 Rxd1 28. Bxd1 Bc8 29. Bb3 Qd7 30. Qd2 Qxd2
31. Nxd2 Bg7 32. Nf3 Kf8 33. Bc2 Nd8 34. Bb3 Be6 35. Bd1 Nf7 36. h5 Bh6 37. Bxh6+ Nxh6 38. hxg6 hxg6 39. Ne1 Ke7 40. Nd3 Bc4
41. Nb2 Be6 42. f3 Nf7 43. Kf2 Ng5=
1/2-1/2

[Event "Indian Republic Day CUP : 2015 "]
[Site "SchemingMind.com"]
[Date "2015.01.02"]
[Round "-"]
[White "Sahajaxx"]
[Black "Ramesh Panwar"]
[Result "1/2-1/2"]
[WhiteCountry "ENG"]
[BlackCountry "IND"]
[WhiteElo "2243"]
[WhiteRD "76"]
[BlackElo "2302"]
[BlackRD "50"]
[GameID "372310"]

1. d4 Nf6 2. c4 g6 3. Nc3 Bg7 4. Nf3 O-O 5. e3 d5 6. cxd5 Nxd5 7. Bc4 Nb6 8. Be2 c5 9. O-O cxd4 10. Nxd4 a6
11. Rb1 e5 12. Nf3 Qc7 13. e4 Rd8 14. Qe1 Nc6 15. Bg5 f6 16. Be3 Be6 17. Rc1 Bf8 18. Bd1 Rd7 19. Bb3 Bxb3 20. axb3 Qd8
21. Rd1 Nd4 22. Bxd4 exd4 23. Na2 Rc8 24. Rd3 Bc5 25. Qd1 a5 26. h3 Qe7 27. Re1 Rd6 28. Qd2 Ra8 29. Rc1 Rd7=
1/2-1/2

[Event "Indian Republic Day CUP : 2015 "]
[Site "SchemingMind.com"]
[Date "2015.01.04"]
[Round "-"]
[White "Lambik"]
[Black "Sahajaxx"]
[Result "1/2-1/2"]
[WhiteCountry "BEL"]
[BlackCountry "ENG"]
[WhiteElo "2289"]
[WhiteRD "95"]
[BlackElo "2256"]
[BlackRD "79"]
[GameID "372311"]

1. e4 c5 2. Nf3 g6 3. d4 cxd4 4. Qxd4 Nf6 5. Qa4 Bg7 6. Nc3 O-O 7. e5 Ne8 8. Bf4 d6 9. O-O-O Bd7 10. Qa3 Nc6
11. Bb5 Be6 12. h4 Qb6 13. Be3 Qc7 14. Bxc6 Qxc6 15. Bg5 Qc7 16. Nb5 Qd7 17. Nc3 b5 18. Qb4 Bc4 19. Nd5 Bxd5 20. Rxd5 h6
21. Be3 a6 22. Qd2 Qg4 23. h5 Nc7 24. Rd4 Qe6 25. hxg6 Qxa2 26. gxf7+ Kxf7 27. Qd1 Qa1+ 28. Kd2 Qxb2 29. Bxh6 Ne6 30. Rd3 Bxh6+
31. Rxh6 Qb4+ 32. Kc1 Qf4+ 33. Qd2 dxe5 34. Rd5 Qxd2+ 35. Rxd2 Nf4 36. Nxe5+ Kg7 37. Rh4 Rf5 38. Rg4+=
1/2-1/2

[Event "Indian Republic Day CUP : 2015 "]
[Site "SchemingMind.com"]
[Date "2015.01.02"]
[Round "-"]
[White "Sahajaxx"]
[Black "Robert Bruce"]
[Result "1-0"]
[WhiteCountry "ENG"]
[BlackCountry "SCO"]
[WhiteElo "2256"]
[WhiteRD "79"]
[BlackElo "2121"]
[BlackRD "67"]
[GameID "372312"]

1. d4 d5 2. Nf3 Nf6 3. g3 e6 4. Bg2 Be7 5. O-O O-O 6. Nbd2 c5 7. dxc5 Bxc5 8. Nb3 Bb6 9. c3 Nc6 10. Nbd4 Re8
11. Bf4 e5 12. Nxc6 bxc6 13. Nxe5 g5 14. Nxc6 Qd7 15. Bxg5 Qxc6 16. Bxf6 Qxf6 17. Bxd5 Bh3 18. Bxa8 Rxa8 19. e4 Re8 20. Qh5 Bxf1
21. Qg4+ Qg6 22. Qxg6+ hxg6 23. Kxf1 Rxe4 24. Re1 Rxe1+ 25. Kxe1 f6 26. Ke2 Kf7 27. b4 Ke6 28. f3 g5 29. c4 Ke5 30. h4 gxh4
31. gxh4 Bc7 32. c5 Kd5 33. Ke3 Bd8 34. Kf4 f5 35. h5 Ke6 36. h6 Kf6 37. b5 Bc7+ 38. Ke3 Be5 39. b6 axb6 40. cxb6 Bh2
41. Kd3 Kg6 42. a4 Kxh6 43. a5 Bg1 44. Kc4 Be3 45. Kb5 Kg5 46. a6 Kf4 47. a7
1-0

[Event "Indian Republic Day CUP : 2015 "]
[Site "SchemingMind.com"]
[Date "2015.01.04"]
[Round "-"]
[White "michel"]
[Black "Nickskii"]
[Result "1/2-1/2"]
[WhiteCountry "CAN"]
[BlackCountry "ENG"]
[WhiteElo "2318"]
[WhiteRD "59"]
[BlackElo "2468"]
[BlackRD "86"]
[GameID "372353"]

1. e4 c5 2. Nf3 Nc6 3. Bb5 Nf6 4. Bxc6 dxc6 5. d3 Bg4 6. h3 Bh5 7. Nbd2 Nd7 8. Nc4 f6 9. a4 b5 10. Ne3 e6
11. O-O Bd6 12. Ng4 O-O 13. e5 Nxe5 14. Nfxe5 Bxe5 15. Nh6+ gxh6 16. Qxh5 Qd5 17. Qe2 Kh8 18. axb5 cxb5 19. Ra6 b4 20. Re1 Rf7
21. Qe4 Rg8 22. g3 h5 23. b3 Rfg7 24. Bh6 Rg6 25. Bf4 Bxf4 26. Qxf4 e5 27. Qe4 Qxe4 28. dxe4 h4 29. g4 h5 30. f3 hxg4
31. fxg4 c4 32. Rxa7 R6g7 33. Ra6 cxb3 34. cxb3 Rf7=
1/2-1/2

[Event "Indian Republic Day CUP : 2015 "]
[Site "SchemingMind.com"]
[Date "2015.01.03"]
[Round "-"]
[White "rookie31"]
[Black "michel"]
[Result "0-1"]
[WhiteCountry "IND"]
[BlackCountry "CAN"]
[WhiteElo "2177"]
[WhiteRD "69"]
[BlackElo "2305"]
[BlackRD "55"]
[GameID "372354"]

1. Nf3 d6 2. d4 Nf6 3. c4 g6 4. Nc3 Bf5 5. g3 Bg7 6. Bg2 Ne4 7. O-O O-O 8. Nh4 Nxc3 9. bxc3 Bc8 10. Bg5 c6
11. a4 Qc7 12. a5 Re8 13. Be3 Nd7 14. Qa4 e5 15. Rfb1 e4 16. Bf4 Nf6 17. a6 b6 18. c5 bxc5 19. dxc5 Qd7
0-1

[Event "Indian Republic Day CUP : 2015 "]
[Site "SchemingMind.com"]
[Date "2015.01.03"]
[Round "-"]
[White "Milan"]
[Black "michel"]
[Result "0-1"]
[WhiteCountry "CZE"]
[BlackCountry "CAN"]
[WhiteElo "2143"]
[WhiteRD "84"]
[BlackElo "2332"]
[BlackRD "56"]
[GameID "372355"]

1. e4 d6 2. d4 Nf6 3. Nc3 g6 4. Bd3 Bg7 5. f4 O-O 6. Nf3 Nc6 7. e5 dxe5 8. fxe5 Ng4 9. h3 Nh6 10. Be3 Nf5
11. Bxf5 Bxf5 12. g4 Bc8 13. Qd2 Rb8 14. O-O-O b5 15. Kb1 b4 16. Ne2 Qd5 17. Rhf1 Qa5 18. Bh6 Ba6 19. Bxg7 Kxg7 20. Rf2 Bxe2
21. Qxe2 Qd5 22. Qe3 f5 23. exf6+ Rxf6 24. Qb3 e6 25. Rd3 Rbf8 26. c4 Qd6 27. g5 R6f7 28. Qd1 Qg3 29. Rf1 Qxh3 30. Rh1 Qg4
31. Rg1 Qf5 32. Ka1 a5 33. Qe2 a4 34. d5 exd5 35. cxd5 Re7 36. Qd2 Ne5 37. Nxe5 Rxe5 38. Rd1 Qf4 39. Qc2 Rxg5 40. Rd4 Qd6
41. Qxa4 h5 42. Rxb4 Rxd5 43. Rb1 g5 44. a3 h4 45. Qb3 Rd3 46. Qc2 Ra8 47. Qc4 Ra5 48. Rc1 Rd1 49. Rb3 Rad5 50. Rxd1 Rxd1+
51. Ka2 c6 52. Qc3+ Kg6 53. Qe3 Qd5 54. Qe8+ Kf5 55. Qe7 Rd4 56. Qf8+ Kg4 57. Qf1 Rf4 58. Qh3+ Kh5 59. Qe3 Re4 60. Qc3 Qe6
0-1

[Event "Indian Republic Day CUP : 2015 "]
[Site "SchemingMind.com"]
[Date "2015.01.04"]
[Round "-"]
[White "michel"]
[Black "Sahajaxx"]
[Result "0-1"]
[WhiteCountry "CAN"]
[BlackCountry "ENG"]
[WhiteElo "2305"]
[WhiteRD "55"]
[BlackElo "2243"]
[BlackRD "76"]
[GameID "372357"]

1. c4 g6 2. g3 Bg7 3. Bg2 c5 4. Nc3 Nf6 5. Nf3 O-O 6. O-O Nc6 7. d4 cxd4 8. Nxd4 Qb6 9. Nc2 d6 10. b3 Qc5
11. Bb2 Qh5 12. e4 Bg4 13. f3 Qc5+ 14. Kh1 Bd7 15. Qd2 Rac8 16. Ne3 Qa5 17. f4 Rfe8 18. Rad1 a6 19. a3 Ng4 20. Nxg4 Bxg4
21. b4 Qh5 22. Nd5 Bxb2
0-1

[Event "Indian Republic Day CUP : 2015 "]
[Site "SchemingMind.com"]
[Date "2015.01.04"]
[Round "-"]
[White "michel"]
[Black "Ramesh Panwar"]
[Result "0-1"]
[WhiteCountry "CAN"]
[BlackCountry "IND"]
[WhiteElo "2305"]
[WhiteRD "55"]
[BlackElo "2302"]
[BlackRD "50"]
[GameID "372358"]

1. e4 c5 2. Nf3 d6 3. d4 cxd4 4. Nxd4 Nc6 5. Bb5 Bd7 6. Nc3 Nf6 7. Be3 g6 8. O-O Bg7 9. h3 O-O 10. Be2 Rc8
11. Nf3 Na5 12. Bd4 Bc6 13. e5 dxe5 14. Nxe5 Qc7 15. f4 Rfd8 16. Qd2 b6 17. Rad1 Bb7 18. Qe1 Nd5 19. Bg4 f5 20. Nb5 Qxc2
21. Bf3 Nxf4 22. Rd2 Qxd2 23. Qxd2 Bxe5 24. Bxb7 Bxd4+ 25. Nxd4 Rxd4 26. Qxd4 Ne2+ 27. Kf2 Nxd4 28. Bxc8 Kf8 29. Rc1 Ke8 30. Be6 Nxe6
0-1